[Event "Gibraltar ChallWk1 13th"]
[Site "Gibraltar"]
[Date "2015.01.30"]
[Round "5.17"]
[White "Elishev, Ivan"]
[Black "Lochte, Szilvia"]
[Result "1-0"]
[WhiteElo "2153"]
[BlackElo "1934"]
[PlyCount "75"]
[EventDate "2015.01.26"]
[EventType "swiss"]
[EventRounds "5"]
[EventCountry "GGB"]
[SourceTitle "BritBase"]
[Source "www.saund.co.uk"]
[SourceDate "2018.02.10"]
[SourceVersion "1"]
[SourceVersionDate "2018.02.10"]
[SourceQuality "1"]
[TimeControl "7200+1110"]
[WhiteClock "0:27:03"]
[BlackClock "0:32:51"]

1. e4 c5 2. d4 cxd4 3. c3 dxc3 4. Nxc3 e6 5. Nf3 a6 6. Bc4 b5 7. Bb3 Bb7 8. Qe2
d6 9. O-O Nd7 10. Rd1 Ngf6 11. Bf4 b4 12. Nd5 Nxd5 13. exd5 Nc5 14. dxe6 fxe6
15. Bxe6 Bxf3 16. Qxf3 Nxe6 17. Re1 Be7 18. Rxe6 O-O 19. Qd5 Kh8 20. Bxd6 Bxd6
21. Rxd6 Qe7 22. Rd7 Qf6 23. Qd4 Qxd4 24. Rxd4 a5 25. Rc1 Ra7 26. f4 Kg8 27.
Kf2 Re8 28. Re1 Rc8 29. Red1 Re7 30. Rd8+ Rxd8 31. Rxd8+ Kf7 32. Rd5 Rc7 33.
Ke3 Rc2 34. Rd2 Rc4 35. g3 Ke6 36. Kd3 Rc5 37. Re2+ Kd6 38. Re5 1-0

[Event "Gibraltar ChallWk1 13th"]
[Site "Gibraltar"]
[Date "2015.01.30"]
[Round "5.18"]
[White "Gostelow, David W"]
[Black "Grabow, Pouelsten Holm"]
[Result "1/2-1/2"]
[WhiteElo "2036"]
[BlackElo "2134"]
[PlyCount "76"]
[EventDate "2015.01.26"]
[EventType "swiss"]
[EventRounds "5"]
[EventCountry "GGB"]
[SourceTitle "BritBase"]
[Source "www.saund.co.uk"]
[SourceDate "2018.02.10"]
[SourceVersion "1"]
[SourceVersionDate "2018.02.10"]
[SourceQuality "1"]

1. d4 e6 2. Nf3 b6 3. Bf4 Bb7 4. e3 Nf6 5. Be2 c5 6. O-O Be7 7. h3 d6 8. c4
cxd4 9. exd4 O-O 10. Nc3 d5 11. b3 Nc6 12. Be5 Rc8 13. Rc1 Nxe5 14. Nxe5 dxc4
15. bxc4 Ne4 16. Qd3 Nd6 17. Qc2 f6 18. Nf3 Nxc4 19. Qa4 Na5 20. Rfe1 Bc6 21.
Qd1 Bb4 22. Ba6 Rc7 23. Re3 Qe7 24. Rb1 Bxf3 25. Qxf3 Bxc3 26. Rxc3 Rxc3 27.
Qxc3 Rd8 28. Rd1 Qd7 29. Rd3 Nc6 30. d5 Ne5 31. Rg3 Qxd5 32. Kh2 Qxa2 33. f4
Ng6 34. Qc7 Re8 35. f5 Re7 36. Qd8+ Kf7 37. fxg6+ hxg6 38. Bd3 f5 1/2-1/2

[Event "Gibraltar ChallWk1 13th"]
[Site "Gibraltar"]
[Date "2015.01.30"]
[Round "5.19"]
[White "Bryant, Richard B E"]
[Black "Daneri, Martin"]
[Result "0-1"]
[WhiteElo "1904"]
[BlackElo "2123"]
[PlyCount "99"]
[EventDate "2015.01.26"]
[EventType "swiss"]
[EventRounds "5"]
[EventCountry "GGB"]
[SourceTitle "BritBase"]
[Source "www.saund.co.uk"]
[SourceDate "2018.02.10"]
[SourceVersion "1"]
[SourceVersionDate "2018.02.10"]
[SourceQuality "1"]

1. e4 e6 2. d4 d5 3. Nc3 Bb4 4. e5 c5 5. a3 Bxc3+ 6. bxc3 Qa5 7. Bd2 Qa4 8. Qb1
c4 9. h4 Nc6 10. h5 f6 11. f4 f5 12. Rh3 Nge7 13. h6 gxh6 14. Rxh6 Bd7 15. Nf3
O-O-O 16. Ng5 Ng6 17. Rxh7 Rxh7 18. Nxh7 Rh8 19. Ng5 b6 20. Qb2 Rh4 21. g3 Rh2
22. O-O-O Kc7 23. Be3 a5 24. Bg1 Rh8 25. Kd2 b5 26. Ra1 Nd8 27. Qc1 Ne7 28. Be2
Be8 29. Qd1 Kd7 30. Bf3 Nf7 31. Nxf7 Bxf7 32. Bf2 Bg6 33. Qg1 Bh7 34. Rb1 Nc6
35. Qg2 Bg6 36. Be1 b4 37. axb4 axb4 38. Ke3 b3 39. cxb3 cxb3 40. Qb2 Na5 41.
Kf2 Bh5 42. Ra1 Qb5 43. Bg2 Nc4 44. Bf1 Kc6 45. Rb1 Nxb2 46. Bxb5+ Kxb5 47.
Rxb2 Kc4 48. Ke3 Bd1 49. Rg2 Bc2 50. Kd2 0-1

[Event "Gibraltar ChallWk1 13th"]
[Site "Gibraltar"]
[Date "2015.01.30"]
[Round "5.20"]
[White "Suez-Panama, Gilles"]
[Black "Holleland, Sigve"]
[Result "1/2-1/2"]
[WhiteElo "2030"]
[BlackElo "2116"]
[PlyCount "89"]
[EventDate "2015.01.26"]
[EventType "swiss"]
[EventRounds "5"]
[EventCountry "GGB"]
[SourceTitle "BritBase"]
[Source "www.saund.co.uk"]
[SourceDate "2018.02.10"]
[SourceVersion "1"]
[SourceVersionDate "2018.02.10"]
[SourceQuality "1"]

1. Nf3 d5 2. b3 c5 3. Bb2 Nc6 4. e3 Bg4 5. Bb5 Rc8 6. h3 Bd7 7. O-O Nf6 8. d3
a6 9. Bxc6 Bxc6 10. Ne5 b5 11. a4 Bb7 12. axb5 axb5 13. Nc3 b4 14. Nb5 Qb6 15.
c4 bxc3 16. Nxc3 e6 17. e4 Bd6 18. Ng4 d4 19. Nxf6+ gxf6 20. Na4 Qb5 21. Ba3
Ba6 22. Nb2 Bf4 23. Nc4 Qc6 24. Qf3 Bg5 25. Rfb1 h5 26. Qg3 h4 27. Qg4 Qc7 28.
Bc1 Bxc4 29. bxc4 Bxc1 30. Rxc1 Ke7 31. Ra6 Rb8 32. Rca1 Rb6 33. e5 Rxa6 34.
exf6+ Kxf6 35. Rxa6 Qb7 36. Qf4+ Kg6 37. Ra1 Rh5 38. Re1 Rg5 39. f3 Qb2 40.
Qe4+ Kf6 41. Qf4+ Kg6 42. Qe4+ Kf6 43. Re2 Qb1+ 44. Kh2 Qf1 45. Qf4+ 1/2-1/2

[Event "Gibraltar ChallWk1 13th"]
[Site "Gibraltar"]
[Date "2015.01.30"]
[Round "5.21"]
[White "Jameson, David"]
[Black "Machlik, Edit"]
[Result "0-1"]
[WhiteElo "2068"]
[BlackElo "1914"]
[PlyCount "102"]
[EventDate "2015.01.26"]
[EventType "swiss"]
[EventRounds "5"]
[EventCountry "GGB"]
[SourceTitle "BritBase"]
[Source "www.saund.co.uk"]
[SourceDate "2018.02.10"]
[SourceVersion "1"]
[SourceVersionDate "2018.02.10"]
[SourceQuality "1"]

1. e4 c6 2. d4 d5 3. f3 dxe4 4. Nc3 exf3 5. Nxf3 Bg4 6. Bc4 e6 7. Be3 Nf6 8.
O-O Bd6 9. Qd2 Qc7 10. h3 Bh5 11. Rae1 O-O 12. Ng5 Bg3 13. Rb1 Nbd7 14. Ne2
Bxe2 15. Qxe2 Bh2+ 16. Kh1 h6 17. g4 Bd6 18. Nf3 Ne4 19. Bf2 Ndf6 20. Bd3 Nxf2+
21. Rxf2 c5 22. c3 Qc6 23. Kg1 cxd4 24. Nxd4 Qd5 25. Rd1 Qe5 26. Qf3 Qg3+ 27.
Qxg3 Bxg3 28. Re2 Rfd8 29. Kg2 Bc7 30. Kf3 e5 31. Nb5 e4+ 32. Bxe4 Rxd1 33.
Nxc7 Rad8 34. Bc2 R1d2 35. Nb5 Rxe2 36. Kxe2 a6 37. Nd4 Nd5 38. Kf3 Kf8 39. Be4
b5 40. Nc6 Rd6 41. Nd4 g6 42. a3 Nb6 43. Nc2 Na4 44. Nb4 Nxb2 45. Bb7 a5 46.
Nc6 Nc4 47. Ke4 a4 48. Nd4 Nxa3 49. Bc6 Ke7 50. h4 Nb1 51. Bxb5 Nxc3+ 0-1

[Event "Gibraltar ChallWk1 13th"]
[Site "Gibraltar"]
[Date "2015.01.30"]
[Round "5.22"]
[White "Gieritz, Dietmar"]
[Black "Hermes, Geoff R"]
[Result "1-0"]
[WhiteElo "2048"]
[BlackElo "1907"]
[PlyCount "105"]
[EventDate "2015.01.26"]
[EventType "swiss"]
[EventRounds "5"]
[EventCountry "GGB"]
[SourceTitle "BritBase"]
[Source "www.saund.co.uk"]
[SourceDate "2018.02.10"]
[SourceVersion "1"]
[SourceVersionDate "2018.02.10"]
[SourceQuality "1"]

1. Nf3 d6 2. d4 Bg4 3. c4 Nf6 4. Nc3 Nbd7 5. Qb3 Rb8 6. Bf4 Bxf3 7. exf3 g6 8.
Be2 Bg7 9. O-O O-O 10. Rfe1 Re8 11. Qa3 Qc8 12. Rac1 Ra8 13. Be3 c6 14. f4 e6
15. Bf3 Nb6 16. b3 d5 17. c5 Nbd7 18. b4 b5 19. cxb6 axb6 20. Qb3 Qa6 21. a4
Rec8 22. Be2 Qa7 23. Ra1 Qb8 24. Rec1 Bf8 25. Nd1 Qd6 26. Bd2 Ne4 27. Be1 Qxf4
28. Rc2 Bg7 29. Rac1 Qd6 30. Bb5 Nb8 31. Qe3 Ra7 32. f3 Nf6 33. Bg3 Qxb4 34.
Bxb8 Rxb8 35. Rxc6 Raa8 36. Nf2 Ne8 37. Rd1 h5 38. g4 h4 39. g5 Qe7 40. Rdc1
Qb7 41. Ng4 Rc8 42. Ne5 Rab8 43. Qf4 Rxc6 44. Nxc6 Ra8 45. Kg2 Kf8 46. Ne5 Kg8
47. Bc6 Bxe5 48. dxe5 Qc8 49. Bxa8 Qxa8 50. Qxh4 Qb8 51. Qd4 Ng7 52. Rb1 Nf5
53. Qxb6 1-0

[Event "Gibraltar ChallWk1 13th"]
[Site "Gibraltar"]
[Date "2015.01.30"]
[Round "5.23"]
[White "Recklingloh, Frank"]
[Black "Ferreira, Oscar Luiz Vieira"]
[Result "1-0"]
[WhiteElo "2133"]
[BlackElo "1980"]
[PlyCount "59"]
[EventDate "2015.01.26"]
[EventType "swiss"]
[EventRounds "5"]
[EventCountry "GGB"]
[SourceTitle "BritBase"]
[Source "www.saund.co.uk"]
[SourceDate "2018.02.10"]
[SourceVersion "1"]
[SourceVersionDate "2018.02.10"]
[SourceQuality "1"]

1. e4 g6 2. d4 Bg7 3. Nf3 d6 4. h3 a6 5. c3 Nf6 6. Bd3 Nbd7 7. O-O O-O 8. Bf4
Re8 9. e5 Nd5 10. Bg3 Nf8 11. a3 b5 12. a4 Rb8 13. axb5 axb5 14. b4 Ne6 15. Qd2
Bd7 16. Ra5 Qc8 17. Na3 Ra8 18. Nxb5 Qb7 19. Rfa1 Nb6 20. Ra7 Qc6 21. Qa2 Nd5
22. Qa3 Qb6 23. Ra5 Rab8 24. Nxd6 Ndf4 25. Ra6 Nxd3 26. Rxb6 cxb6 27. Qa7 Red8
28. Nc4 b5 29. Nb6 Be8 30. d5 1-0

[Event "Gibraltar ChallWk1 13th"]
[Site "Gibraltar"]
[Date "2015.01.30"]
[Round "5.24"]
[White "Bengtsson, Jessica"]
[Black "Kandic, Milan"]
[Result "1-0"]
[WhiteElo "1971"]
[BlackElo "2101"]
[PlyCount "94"]
[EventDate "2015.01.26"]
[EventType "swiss"]
[EventRounds "5"]
[EventCountry "GGB"]
[SourceTitle "BritBase"]
[Source "www.saund.co.uk"]
[SourceDate "2018.02.10"]
[SourceVersion "1"]
[SourceVersionDate "2018.02.10"]
[SourceQuality "1"]

1. e4 e5 2. Nf3 Nc6 3. Bb5 a6 4. Bxc6 dxc6 5. Nc3 Bd6 6. d4 exd4 7. Qxd4 f6 8.
Be3 Be6 9. O-O Ne7 10. Na4 O-O 11. Nc5 Qc8 12. Nxe6 Qxe6 13. Nd2 b5 14. f4 Rfd8
15. Qc3 c5 16. a4 c4 17. axb5 axb5 18. Ra5 Rxa5 19. Qxa5 Qd7 20. Qa6 Qc6 21.
Qxc6 Nxc6 22. g3 Nb4 23. Rc1 Ra8 24. b3 c3 25. Nf3 c5 26. e5 Bf8 27. Kf1 Ra2
28. Ne1 Kf7 29. exf6 Kxf6 30. Ke2 h5 31. Kf3 Kf5 32. h3 g6 33. g4+ hxg4+ 34.
hxg4+ Ke6 35. Ke4 Be7 36. f5+ gxf5+ 37. gxf5+ Kf7 38. Ke5 Ra6 39. Rd1 Ke8 40.
Bf2 Kf7 41. Rd7 Ke8 42. Rxe7+ Kxe7 43. Bxc5+ Kf7 44. Bxb4 Rc6 45. Nf3 Rh6 46.
Ng5+ Kg8 47. f6 Rxf6 1-0

[Event "Gibraltar ChallWk1 13th"]
[Site "Gibraltar"]
[Date "2015.01.30"]
[Round "5.25"]
[White "Algars, Olle"]
[Black "Byrn, Carsten"]
[Result "1/2-1/2"]
[WhiteElo "1960"]
[BlackElo "2044"]
[PlyCount "72"]
[EventDate "2015.01.26"]
[EventType "swiss"]
[EventRounds "5"]
[EventCountry "GGB"]
[SourceTitle "BritBase"]
[Source "www.saund.co.uk"]
[SourceDate "2018.02.10"]
[SourceVersion "1"]
[SourceVersionDate "2018.02.10"]
[SourceQuality "1"]

1. Nf3 Nf6 2. c4 g6 3. g3 Bg7 4. Bg2 O-O 5. d4 d5 6. cxd5 Nxd5 7. O-O Nb6 8.
Nc3 Nc6 9. d5 Na5 10. Qc2 c6 11. dxc6 Nxc6 12. Rd1 Bd7 13. Bg5 h6 14. Bf4 g5
15. Bxg5 hxg5 16. Nxg5 Re8 17. Qh7+ Kf8 18. Qh5 Ne5 19. f4 Ng6 20. Be4 Nh8 21.
Bxb7 Rb8 22. Bf3 Qc8 23. Rac1 Bf5 24. Nd5 Qa6 25. Nc7 Qxa2 26. Nxe8 Rxe8 27.
Nh7+ Bxh7 28. Qxh7 Qxb2 29. Qd3 e6 30. Rc2 Qb4 31. Qd6+ Qxd6 32. Rxd6 Bf6 33.
Rc7 Bd8 34. Rb7 Nc8 35. Rd3 Bb6+ 36. Kg2 Ng6 1/2-1/2

[Event "Gibraltar ChallWk1 13th"]
[Site "Gibraltar"]
[Date "2015.01.30"]
[Round "5.26"]
[White "Rios Gonzalez, Jose Antonio"]
[Black "Ungureanu, Sandu"]
[Result "0-1"]
[WhiteElo "1933"]
[BlackElo "2040"]
[PlyCount "124"]
[EventDate "2015.01.26"]
[EventType "swiss"]
[EventRounds "5"]
[EventCountry "GGB"]
[SourceTitle "BritBase"]
[Source "www.saund.co.uk"]
[SourceDate "2018.02.10"]
[SourceVersion "1"]
[SourceVersionDate "2018.02.10"]
[SourceQuality "1"]

1. d4 d5 2. c4 dxc4 3. Nf3 c6 4. g3 Nf6 5. Bg2 b5 6. Nc3 Bb7 7. a4 a6 8. O-O
Nbd7 9. b3 cxb3 10. Qxb3 e6 11. Rd1 Be7 12. Bb2 O-O 13. e4 b4 14. Na2 Qb6 15.
Nd2 a5 16. Rac1 c5 17. Nc4 Qa7 18. d5 exd5 19. exd5 Rfe8 20. Rc2 Bf8 21. Nc1
Rad8 22. Ne2 Ba6 23. Nf4 Bxc4 24. Rxc4 Bd6 25. Nd3 Be5 26. Nxe5 Nxe5 27. Rh4 c4
28. Qc2 c3 29. Bc1 Ng6 30. Rf1 Qa6 31. h3 Ne5 32. Rd1 Ng6 33. Bf1 Qc8 34. Rc4
Qa8 35. Rcd4 Rxd5 36. Bg2 Rxd4 37. Rxd4 Qc8 38. Be3 Rd8 39. Rxd8+ Qxd8 40. Kf1
Qd7 41. Ke2 Ne7 42. Qd3 Qxd3+ 43. Kxd3 Ned5 44. Bd4 Kf8 45. Kc4 c2 46. Bb2 Nc3
47. Kb3 Nd1 48. Bc1 Nxf2 49. Kxc2 N2e4 50. Be3 Nd5 51. Bd4 Nec3 52. Kb3 Ke7 53.
Bxg7 f6 54. Bh6 Nb6 55. Bc6 Kd6 56. Be8 Nd7 57. Bf4+ Ke7 58. Bh5 Nc5+ 59. Kc4
N3e4 60. Kb5 b3 61. Kc6 b2 62. Bd6+ Ke6 0-1

[Event "Gibraltar ChallWk1 13th"]
[Site "Gibraltar"]
[Date "2015.01.30"]
[Round "5.27"]
[White "Mulleady, Peter J"]
[Black "Schouten, Freek"]
[Result "1/2-1/2"]
[WhiteElo "1908"]
[BlackElo "2039"]
[PlyCount "111"]
[EventDate "2015.01.26"]
[EventType "swiss"]
[EventRounds "5"]
[EventCountry "GGB"]
[SourceTitle "BritBase"]
[Source "www.saund.co.uk"]
[SourceDate "2018.02.10"]
[SourceVersion "1"]
[SourceVersionDate "2018.02.10"]
[SourceQuality "1"]

1. c4 c6 2. g3 d5 3. Bg2 Nf6 4. b3 Bg4 5. Bb2 Nbd7 6. Nf3 e6 7. O-O Bd6 8. d4
O-O 9. Nbd2 Qc7 10. c5 Be7 11. b4 a5 12. bxa5 Rxa5 13. Nb3 Ra4 14. a3 Rfa8 15.
Rc1 h6 16. Re1 Bf5 17. e3 b6 18. Bf1 Ne4 19. Nfd2 bxc5 20. Nxe4 Bxe4 21. Nxc5
Nxc5 22. dxc5 Qa5 23. Bc3 Qc7 24. Bb4 Bf6 25. f3 Bg6 26. Re2 e5 27. Rf2 R4a7
28. f4 exf4 29. exf4 Be4 30. Bg2 Re8 31. Re2 Qc8 32. Bxe4 Rxe4 33. Rxe4 dxe4
34. Rc2 Qe6 35. Qd6 Qb3 36. Re2 Re7 37. Re1 Re8 38. Qd1 Qc4 39. Qe2 Bd4+ 40.
Kg2 Qd5 41. Rc1 e3+ 42. Kg1 Qe4 43. Rd1 Bf6 44. Rd3 g5 45. fxg5 hxg5 46. Bc3
Bxc3 47. Rxc3 g4 48. Rc4 Qb1+ 49. Kg2 f5 50. Rb4 Qc1 51. Rxg4+ fxg4 52. Qxg4+
Kf7 53. Qf5+ Ke7 54. Qe5+ Kf7 55. Qf5+ Ke7 56. Qe5+ 1/2-1/2

[Event "Gibraltar ChallWk1 13th"]
[Site "Gibraltar"]
[Date "2015.01.30"]
[Round "5.30"]
[White "Flanagan, Samuel"]
[Black "Nilsen, Martin"]
[Result "0-1"]
[WhiteElo "1766"]
[BlackElo "2011"]
[PlyCount "75"]
[EventDate "2015.01.26"]
[EventType "swiss"]
[EventRounds "5"]
[EventCountry "GGB"]
[SourceTitle "BritBase"]
[Source "www.saund.co.uk"]
[SourceDate "2018.02.10"]
[SourceVersion "1"]
[SourceVersionDate "2018.02.10"]
[SourceQuality "1"]

1. e4 e6 2. d4 d5 3. Nd2 Be7 4. Ngf3 Nf6 5. e5 Nfd7 6. Bd3 c5 7. c3 Nc6 8. O-O
g5 9. b4 cxb4 10. cxb4 Nxb4 11. Be2 b6 12. a3 Nc6 13. Nb3 a5 14. a4 Ndb8 15.
Ne1 Nb4 16. Be3 Ba6 17. Bxa6 N8xa6 18. Qh5 Qd7 19. Bxg5 O-O-O 20. Be3 h6 21.
Qxf7 Kb7 22. Qh5 Rc8 23. Qd1 Rcg8 24. f4 Rg6 25. Nd2 Rhg8 26. Ndf3 Qc6 27. Rc1
Qe8 28. Kh1 Na2 29. Ra1 Nc3 30. Qb3 Ne4 31. Nd2 Rxg2 32. Nxg2 Qg6 33. Ne1 Ng3+
34. hxg3 Qh5+ 35. Kg2 Rxg3+ 36. Kxg3 Bh4+ 37. Kg2 Qg4+ 38. Kh1 0-1

[Event "Gibraltar ChallWk1 13th"]
[Site "Gibraltar"]
[Date "2015.01.30"]
[Round "5.32"]
[White "Haddock, Paul"]
[Black "Othman, Mustapha"]
[Result "0-1"]
[WhiteElo "1639"]
[BlackElo "1968"]
[PlyCount "67"]
[EventDate "2015.01.26"]
[EventType "swiss"]
[EventRounds "5"]
[EventCountry "GGB"]
[SourceTitle "BritBase"]
[Source "www.saund.co.uk"]
[SourceDate "2018.02.10"]
[SourceVersion "1"]
[SourceVersionDate "2018.02.10"]
[SourceQuality "1"]

1. e4 c5 2. d4 cxd4 3. c3 d5 4. exd5 Qxd5 5. cxd4 Nc6 6. Nf3 e6 7. Nc3 Bb4 8.
a3 Bxc3+ 9. bxc3 Nf6 10. Bd3 e5 11. c4 Qa5+ 12. Bd2 Qd8 13. d5 e4 14. Bxe4 Nxe4
15. dxc6 bxc6 16. h3 Qd3 17. Ba5 Nc5 18. Qxd3 Nxd3+ 19. Ke2 Nf4+ 20. Kf1 Be6
21. Nd2 O-O 22. Bc7 Nd3 23. Rb1 Rfc8 24. Ba5 Ne5 25. Rc1 Rab8 26. Ke2 Bf5 27.
g4 Re8 28. Kf1 Nd3 29. Rc3 Rb2 30. gxf5 Rxd2 31. Rxd3 Rxd3 32. Kg2 Rxa3 33. Bb4
Ra4 34. Bc5 0-1

[Event "Gibraltar ChallWk1 13th"]
[Site "Gibraltar"]
[Date "2015.01.30"]
[Round "5.33"]
[White "Ruiz Manrique, Joaquin"]
[Black "Tortolero, Cesar"]
[Result "0-1"]
[WhiteElo "1945"]
[BlackElo "1937"]
[PlyCount "96"]
[EventDate "2015.01.26"]
[EventType "swiss"]
[EventRounds "5"]
[EventCountry "GGB"]
[SourceTitle "BritBase"]
[Source "www.saund.co.uk"]
[SourceDate "2018.02.10"]
[SourceVersion "1"]
[SourceVersionDate "2018.02.10"]
[SourceQuality "1"]

1. e4 c5 2. Nc3 a6 3. g3 b5 4. a3 Bb7 5. Bg2 e6 6. d3 d6 7. Nh3 Nf6 8. O-O Be7
9. f4 Qc7 10. Nf2 Nbd7 11. a4 b4 12. Ne2 Rc8 13. c3 bxc3 14. bxc3 O-O 15. g4
Ne8 16. Rb1 Bc6 17. Bd2 Rb8 18. Rxb8 Qxb8 19. Qc2 Nc7 20. f5 Ne5 21. Bf4 Bh4
22. Bxe5 dxe5 23. Ng3 Qe8 24. a5 Qd7 25. Nh3 Bb5 26. c4 Ba4 27. Qe2 Rd8 28. Rf3
Qd4+ 29. Kh1 Rb8 30. Qa2 Bd1 31. Ne2 Qb2 32. Qxb2 Rxb2 33. Nc3 Bxf3 34. Bxf3
Be7 35. g5 Rd2 36. f6 gxf6 37. gxf6 Bf8 38. Na4 Rxd3 39. Kg2 Ne8 40. Nb6 Nxf6
41. Nf2 Ra3 42. h4 Rxa5 43. Nd3 Ra2+ 44. Kg3 a5 45. Nxc5 Bd6 46. Nc8 Bc7 47. h5
Nd7 48. Ne7+ Kg7 0-1

[Event "Gibraltar ChallWk1 13th"]
[Site "Gibraltar"]
[Date "2015.01.30"]
[Round "5.34"]
[White "Mohnblatt, Daniel"]
[Black "Baliuniene, Margarita"]
[Result "1/2-1/2"]
[WhiteElo "1863"]
[BlackElo "1946"]
[PlyCount "129"]
[EventDate "2015.01.26"]
[EventType "swiss"]
[EventRounds "5"]
[EventCountry "GGB"]
[SourceTitle "BritBase"]
[Source "www.saund.co.uk"]
[SourceDate "2018.02.10"]
[SourceVersion "1"]
[SourceVersionDate "2018.02.10"]
[SourceQuality "1"]

1. d4 d5 2. c4 e6 3. Nc3 c5 4. cxd5 exd5 5. Nf3 Nc6 6. g3 Nf6 7. Bg2 Be7 8. O-O
O-O 9. Bg5 c4 10. e3 h6 11. Bxf6 Bxf6 12. Nd2 Be6 13. b3 Rc8 14. Rc1 cxb3 15.
Qxb3 Na5 16. Qa4 Rc6 17. Qb5 a6 18. Qe2 b5 19. Qh5 Rd6 20. Nb3 Nxb3 21. axb3
Kh7 22. b4 g6 23. Qf3 Be7 24. Ra1 Qd7 25. Qe2 Rc8 26. Qb2 Rdc6 27. Rfc1 Qd6 28.
Na2 Bf5 29. Bf1 Rc2 30. Rxc2 Rxc2 31. Qb3 Qc6 32. Bd3 Bxd3 33. Qxd3 Qc4 34.
Qxc4 bxc4 35. Kf1 Kg7 36. h4 h5 37. Ke1 Bd6 38. Kf1 Kf6 39. Nc1 Bxb4 40. Rxa6+
Kf5 41. Ne2 Ke4 42. Rf6 c3 43. Nf4 Ra2 44. f3+ Kxe3 45. Nxd5+ Kxd4 46. Nxb4
Ra1+ 47. Kg2 Kc4 48. Rf4+ Kb3 49. g4 Ra4 50. Nd5 c2 51. Rxa4 Kxa4 52. Nc3+ Kb3
53. Ne2 Kc4 54. Kf2 Kd3 55. gxh5 gxh5 56. Ke1 Ke3 57. f4 f5 58. Kf1 Kf3 59. Ke1
c1=Q+ 60. Nxc1 Kxf4 61. Kf2 Kg4 62. Ne2 Kxh4 63. Kf3 Kg5 64. Kg3 h4+ 65. Kf3
1/2-1/2

[Event "Gibraltar ChallWk2 13th"]
[Site "Gibraltar"]
[Date "2015.01.31"]
[Round "1.1"]
[White "Menna Barreto, Felipe Kubiaki"]
[Black "Michalowski, Peter"]
[Result "0-1"]
[WhiteElo "2247"]
[BlackElo "2024"]
[PlyCount "100"]
[EventDate "2015.01.31"]
[EventType "swiss"]
[EventRounds "5"]
[EventCountry "GGB"]
[SourceTitle "BritBase"]
[Source "www.saund.co.uk"]
[SourceDate "2018.02.10"]
[SourceVersion "1"]
[SourceVersionDate "2018.02.10"]
[SourceQuality "1"]
[TimeControl "7200+1230"]
[WhiteClock "0:01:33"]
[BlackClock "0:01:12"]

1. d4 Nf6 2. Nf3 e6 3. e3 d5 4. Bd3 Be7 5. O-O O-O 6. Nbd2 b6 7. b3 Ba6 8. c4
c5 9. Bb2 Nbd7 10. Ne5 cxd4 11. exd4 Rc8 12. f4 g6 13. Qe2 Re8 14. Ndf3 Nh5 15.
g3 f5 16. Rac1 Nxe5 17. fxe5 Ng7 18. Rc2 Bb7 19. Qe3 g5 20. Bc1 g4 21. Ne1 h5
22. Ng2 Kf7 23. Nf4 dxc4 24. bxc4 h4 25. Rcf2 hxg3 26. hxg3 Rh8 27. Ng2 Rh3 28.
d5 Qh8 29. Nh4 Bxh4 30. Bxf5 Rxg3+ 31. Qxg3 Bxg3 32. Bxe6+ Ke8 33. Bf7+ Kd7 34.
e6+ Kc7 35. Rg2 Bd6 36. Bb2 Bc5+ 37. Rff2 Rf8 38. Be5+ Kc8 39. Rxg4 Bxf2+ 40.
Kxf2 Qh3 41. Rxg7 Qf5+ 42. Kg1 Qxe5 43. Rh7 Qe3+ 44. Kh2 Qf4+ 45. Kg1 Qg4+ 46.
Kh2 Qe2+ 47. Kg1 Qd1+ 48. Kh2 Qc2+ 49. Kg3 Qxh7 50. e7 Qxf7 0-1

[Event "Gibraltar ChallWk2 13th"]
[Site "Gibraltar"]
[Date "2015.01.31"]
[Round "1.2"]
[White "Van De Wynkele, Eric"]
[Black "Sanchez Botella, Luis Javier"]
[Result "0-1"]
[WhiteElo "2017"]
[BlackElo "2246"]
[PlyCount "77"]
[EventDate "2015.01.31"]
[EventType "swiss"]
[EventRounds "5"]
[EventCountry "GGB"]
[SourceTitle "BritBase"]
[Source "www.saund.co.uk"]
[SourceDate "2018.02.10"]
[SourceVersion "1"]
[SourceVersionDate "2018.02.10"]
[SourceQuality "1"]
[TimeControl "7200+815"]
[WhiteClock "0:12:45"]
[BlackClock "0:27:07"]

1. e4 c5 2. Nc3 e6 3. g3 d5 4. d3 dxe4 5. Nxe4 Nc6 6. Bg2 Nge7 7. Nf3 Nf5 8.
O-O Be7 9. c3 h5 10. h3 Qd7 11. Qc2 b6 12. Re1 Ba6 13. Bf1 Rd8 14. Rd1 e5 15.
b3 h4 16. g4 Nh6 17. Bxh6 Rxh6 18. Nh2 Kf8 19. f3 Rg6 20. Be2 Bg5 21. Nxg5 Rxg5
22. Nf1 Rg6 23. Rd2 Qf5 24. Qd1 Qg5 25. Qe1 Rgd6 26. Rad1 Ne7 27. d4 Bxe2 28.
Rxe2 Ng6 29. Re4 exd4 30. cxd4 Rxd4 31. Rdxd4 cxd4 32. Qb4+ Qc5 33. Qxc5+ bxc5
34. f4 Re8 35. Rxe8+ Kxe8 36. f5 Nf4 37. Kh2 Kd7 38. Nd2 Kc6 39. Nf3 0-1

[Event "Gibraltar ChallWk2 13th"]
[Site "Gibraltar"]
[Date "2015.01.31"]
[Round "1.3"]
[White "Longa Yauca, Javier"]
[Black "Machlik, Monika"]
[Result "1-0"]
[WhiteElo "2245"]
[BlackElo "2015"]
[PlyCount "123"]
[EventDate "2015.01.31"]
[EventType "swiss"]
[EventRounds "5"]
[EventCountry "GGB"]
[SourceTitle "BritBase"]
[Source "www.saund.co.uk"]
[SourceDate "2018.02.10"]
[SourceVersion "1"]
[SourceVersionDate "2018.02.10"]
[SourceQuality "1"]
[TimeControl "7200+1250"]
[WhiteClock "0:03:12"]
[BlackClock "0:00:20"]

1. d4 Nf6 2. Nf3 e6 3. Bg5 h6 4. Bh4 c5 5. e3 b6 6. Bd3 Bb7 7. O-O Be7 8. c3
O-O 9. Nbd2 Nc6 10. Re1 cxd4 11. exd4 Nd5 12. Bg3 f5 13. h3 Qe8 14. Bh2 Nf6 15.
Nc4 Ne4 16. d5 Nd8 17. d6 Bf6 18. a4 Nf7 19. Qc2 Qc8 20. Rad1 g5 21. Bf1 Kh8
22. Nd4 Rg8 23. Nb5 Nc5 24. a5 bxa5 25. Nxa5 Be4 26. Qe2 Bd8 27. Qh5 Kg7 28.
Nc7 Bxc7 29. dxc7 f4 30. b4 Bg6 31. Qf3 Qxc7 32. c4 Na6 33. c5 Qc8 34. Qc3+ Kh7
35. Bd3 Nc7 36. Qf6 Bxd3 37. Rxd3 Rg7 38. Qd4 Nd5 39. b5 Rb8 40. Rb3 Nh8 41. c6
Ng6 42. g3 Qc7 43. Qd2 Qd6 44. Nc4 Qc7 45. Qd3 Re7 46. Ne5 Rg8 47. gxf4 gxf4
48. Kh1 d6 49. Nd7 Qd8 50. Rg1 Reg7 51. Ra3 Kh8 52. Qd4 Nde7 53. Qxd6 e5 54. c7
Qc8 55. b6 Nf5 56. Qf6 Qxd7 57. Rxg6 Qd1+ 58. Bg1 Qd5+ 59. Kh2 axb6 60. Rxg7
Rxg7 61. c8=Q+ Kh7 62. Qcxf5+ 1-0

[Event "Gibraltar ChallWk2 13th"]
[Site "Gibraltar"]
[Date "2015.01.31"]
[Round "1.4"]
[White "Nwoye, Nnamdi"]
[Black "O'Toole, George E"]
[Result "1-0"]
[WhiteElo "2015"]
[BlackElo "2242"]
[PlyCount "83"]
[EventDate "2015.01.31"]
[EventType "swiss"]
[EventRounds "5"]
[EventCountry "GGB"]
[SourceTitle "BritBase"]
[Source "www.saund.co.uk"]
[SourceDate "2018.02.10"]
[SourceVersion "1"]
[SourceVersionDate "2018.02.10"]
[SourceQuality "1"]
[TimeControl "7200+965"]
[WhiteClock "0:08:04"]
[BlackClock "0:05:47"]

1. Nf3 d6 2. c4 g6 3. b3 Bg7 4. Nc3 Nf6 5. Rb1 O-O 6. g3 e5 7. d3 a5 8. Bg2 Re8
9. Nd2 c6 10. O-O Be6 11. a3 d5 12. b4 axb4 13. axb4 Nbd7 14. Qc2 Qe7 15. b5
Nc5 16. Bb2 d4 17. Nce4 cxb5 18. Nxf6+ Bxf6 19. cxb5 Rec8 20. Nc4 Na4 21. Ra1
Bxc4 22. dxc4 Qb4 23. Bxb7 Rxc4 24. Ba3 Qxb5 25. Qd3 e4 26. Bxe4 Rac8 27. Rab1
Qe8 28. Rbc1 Nc3 29. Bf3 h5 30. h4 Be7 31. Ra1 Bf6 32. Bc1 R4c5 33. Bf4 Rf5 34.
Bd6 Qd7 35. Ra6 Kg7 36. Kg2 Rd8 37. Rfa1 Be5 38. Bxe5+ Rxe5 39. Ra7 Qe8 40.
R1a6 Re7 41. Ra8 Rxa8 42. Qxd4+ 1-0